00601nam a2200193Ia 4500008004100000020001800041082001400059100002200073245001500095250000800110260003500118300002400153500001900177600003300196650001600229942000700245952013800252999001700390240925s9999 xx 000 0 und d a9780070151536 a519.5 SPI aSpiegel, Murray R 0aStatistics a4th aNew York:bMcGraw-Hillc,2014. a290p.bNAfOriginal aIncludes Index aHumanities & Natural Science aMathematics cBK 001040708HUMaUITUbUITUd2018-12-17eBook World Internationalg1766.69l0o519.5 SPIpQ12396r2024-09-25 07:16:27w2024-09-25yBK c14895d14895